Digital Broadcasting Journalism (Record no. 570)
[ view plain ]
| 000 -LEADER | |
|---|---|
| Fixed length control field | 00460nam a2200169 4500 |
| 003 - CONTROL NUMBER IDENTIFIER | |
| Control field | SEACOMMC |
| 005 - DATE AND TIME OF LATEST TRANSACTION | |
| Control field | 20250416162341.0 |
| 008 - FIXED-LENGTH DATA ELEMENTS--GENERAL INFORMATION | |
| Fixed length control field | 240919b |||||||| |||| 00| 0 eng d |
| 020 ## - INTERNATIONAL STANDARD BOOK NUMBER / ISBN | |
| Price | Rs.325.00 |
| 040 ## - CATALOGING SOURCE | |
| Original cataloging agency | SEACOMMC |
| 082 ## - DEWEY DECIMAL CLASSIFICATION NUMBER | |
| Classification number | 070.19 |
| Book Number | S531 |
| 100 ## - MAIN ENTRY--PERSONAL NAME | |
| Personal name | Sharma, Jitendra Kumar. |
| 245 1# - TITLE STATEMENT | |
| Title | Digital Broadcasting Journalism |
| Statement of responsibility | Jitendra Kumar Sharma |
| 260 ## - IMPRINT | |
| Place of publication | Delhi |
| Name of publisher | Authorspress |
| Date of publication | 2003 |
| 650 ## - SUBJECT ADDED ENTRY--TOPICAL TERM | |
| Topical term | Journalism, Digital Broadcasting |
| 942 ## - ADDED ENTRY ELEMENTS (KOHA) | |
| Koha item type | Books |
| Withdrawn status | Lost status | Source of classification | Damaged status | Not for loan | Home library | Current library | Date acquired | Total Checkouts | Call number | Accession number | Date last seen | Price effective from | Koha item type | Copy number |
|---|---|---|---|---|---|---|---|---|---|---|---|---|---|---|
| Dewey Decimal Classification | SEACOM MANAGEMENT COLLEGE | SEACOM MANAGEMENT COLLEGE | 26/09/2007 | 070.19 S531 | M-212 | 19/09/2024 | 19/09/2024 | Books | ||||||
| Dewey Decimal Classification | SEACOM MANAGEMENT COLLEGE | SEACOM MANAGEMENT COLLEGE | 26/09/2007 | 070.19 S531 | M-213 | 19/09/2024 | 19/09/2024 | Books | 1 | |||||
| Dewey Decimal Classification | SEACOM MANAGEMENT COLLEGE | SEACOM MANAGEMENT COLLEGE | 26/09/2007 | 070.19 S531 | M-214 | 19/09/2024 | 19/09/2024 | Books | 2 |
